[Event "Porto Sant Elpidio op-B 12th"]
[Site "Porto Sant Elpidio"]
[Date "2009.11.28"]
[Round "4"]
[White "Ragnini, Damiano"]
[Black "Binci, Luca"]
[Result "1-0"]
[WhiteElo "1791"]
[BlackElo "1650"]
[PlyCount "137"]
[EventDate "2009.11.21"]
[EventType "swiss"]
[EventRounds "6"]
[EventCountry "ITA"]
[SourceTitle "EXT 2024"]
[Source "ChessBase"]
[SourceDate "2023.10.10"]
[SourceVersion "1"]
[SourceVersionDate "2023.10.10"]
[SourceQuality "1"]

1. e4 c5 2. Nf3 e6 3. d4 cxd4 4. Nxd4 Nc6 5. Be2 a6 6. 0-0 Qc7 7. Be3 Nf6 8. f3 Be7 9. c4 0-0 10. Nc3 b6 11. Rc1 Bd6 12. f4 Nxd4 13. Qxd4 Bc5 14. Qd2 d6 15. Bf3 Rd8 16. Qf2 Rb8 17. a3 Bxe3 18. Qxe3 Nd7 19. Ne2 Qc5 20. Kf2 a5 21. Rfd1 Ba6 22. g4 b5 23. Qxc5 Nxc5 24. cxb5 Rxb5 25. a4 Rbb8 26. Ke3 Nxa4 27. Rc6 Rb6 28. Rxb6 Nxb6 29. b3 a4 30. bxa4 Nxa4 31. Ra1 Nc5 32. Nd4 Rb8 33. h4 Kf8 34. h5 Bc4 35. Be2 Bxe2 36. Nxe2 Rb3+ 37. Kd4 Rb4+ 38. Ke3 Rxe4+ 39. Kf3 Rc4 40. Ra8+ Ke7 41. Ra7+ Nd7 42. g5 d5 43. Ke3 Kd6 44. Ra6+ Rc6 45. Ra7 f6 46. h6 gxh6 47. gxh6 e5 48. f5 d4+ 49. Kd2 Rc7 50. Ra8 Nc5 51. Ng3 Kd5 52. Nh5 Rf7 53. Ng7 Ne4+ 54. Kd3 Ng5 55. Ra5+ Kc6 56. Ra6+ Kb7 57. Rd6 Nh3 58. Ne6 Nf2+ 59. Ke2 Re7 60. Kxf2 Kc8 61. Ke2 Rd7 62. Ra6 d3+ 63. Kd2 e4 64. Nc5 e3+ 65. Kxe3 d2 66. Ra8+ Kc7 67. Ra7+ Kc6 68. Rxd7 Kxc5 69. Rxd2 1-0

[Event "EU-ch U16 19th"]
[Site "Fermo"]
[Date "2009.09.06"]
[Round "6"]
[White "Binci, Luca"]
[Black "Immonen, Vihtori"]
[Result "0-1"]
[WhiteElo "1675"]
[BlackElo "1872"]
[PlyCount "123"]
[EventDate "2009.08.31"]
[EventType "swiss"]
[EventRounds "9"]
[EventCountry "ITA"]
[SourceTitle "CBM 132 Extra"]
[Source "ChessBase"]
[SourceDate "2009.11.03"]
[SourceVersion "1"]
[SourceVersionDate "2009.11.03"]
[SourceQuality "1"]

1. d4 Nf6 2. c4 g6 3. Nc3 Bg7 4. e4 d6 5. f3 0-0 6. Be3 c5 7. dxc5 dxc5 8. Qxd8 Rxd8 9. Bxc5 Nc6 10. Nd5 Nd7 11. Nxe7+ Nxe7 12. Bxe7 Bxb2 13. Bxd8 Bxa1 14. Ne2 Ne5 15. Nf4 Nc6 16. Bc7 Nb4 17. a4 Bd7 18. a5 Bc3+ 19. Kf2 Rc8 20. Bd6 Rc6 21. Bxb4 Bxb4 22. Nd5 Bc5+ 23. Ke2 Ra6 24. Kd3 Kg7 25. Be2 Rxa5 26. Kc3 Ra2 27. Kd3 b5 28. Rb1 bxc4+ 29. Kxc4 Rxe2 30. Kxc5 Rxg2 31. Ra1 Rxh2 32. Rxa7 Bc8 33. Kd6 h5 34. f4 h4 35. Ke5 Rf2 36. Nf6 h3 37. Ra8 Rc2 38. Ra1 h2 39. Rh1 Bh3 40. Ne8+ Kf8 41. Nf6 Kg7 42. Ne8+ Kh6 43. Nf6 g5 44. f5 Rf2 45. Rd1 Ra2 46. Rh1 Kg7 47. Ne8+ Kg8 48. Nf6+ Kh8 49. Nh5 Bg4 50. Ng3 Bf3 51. Rc1 Rg2 52. Rc8+ Kh7 53. Nh1 Rg1 54. Nf2 Kg7 55. f6+ Kh7 56. Rf8 Bh5 57. Kd6 Rf1 58. Nh3 Rxf6+ 59. Ke5 Re6+ 60. Kf5 Bg6+ 61. Kxg5 h1Q 62. Nf4 0-1

[Event "EU-ch U16 19th"]
[Site "Fermo"]
[Date "2009.09.01"]
[Round "2"]
[White "Di Trapani, Davide"]
[Black "Binci, Luca"]
[Result "1-0"]
[WhiteElo "1883"]
[BlackElo "1675"]
[PlyCount "81"]
[EventDate "2009.08.31"]
[EventType "swiss"]
[EventRounds "9"]
[EventCountry "ITA"]
[SourceTitle "CBM 132 Extra"]
[Source "ChessBase"]
[SourceDate "2009.11.03"]
[SourceVersion "1"]
[SourceVersionDate "2009.11.03"]
[SourceQuality "1"]

1. e4 c5 2. Nf3 d6 3. d4 cxd4 4. Nxd4 Nf6 5. Nc3 a6 6. f3 e5 7. Nb3 Be6 8. Be3 Nbd7 9. Qd2 b5 10. 0-0-0 Be7 11. Kb1 Nb6 12. Na5 Qc7 13. g4 b4 14. Ne2 d5 15. g5 Nfd7 16. Bxb6 Nxb6 17. Ng3 g6 18. h4 d4 19. Bd3 Nd7 20. Nb3 a5 21. f4 a4 22. Nc1 b3 23. f5 bxa2+ 24. Ka1 Bc4 25. h5 Bxd3 26. Nxd3 gxh5 27. Rxh5 Nb6 28. g6 fxg6 29. fxg6 Bf6 30. Qh6 Qxc2 31. Rhh1 hxg6 32. Qxg6+ Ke7 33. Rh7+ Rxh7 34. Qxh7+ Ke8 35. Qg8+ Kd7 36. Qf7+ Be7 37. Nxe5+ Kd6 38. Nf5+ Kxe5 39. Qxe7+ Kf4 40. Rf1+ Kg4 41. Qh4# 1-0

[Event "Falconara Marche Estate op-A 3rd"]
[Site "Falconara Marittima"]
[Date "2008.06.??"]
[Round "1"]
[White "Binci, Luca"]
[Black "Dimitrijevic, Dragana"]
[Result "0-1"]
[WhiteElo "1582"]
[BlackElo "2022"]
[PlyCount "62"]
[EventDate "2008.06.21"]
[EventType "swiss"]
[EventRounds "6"]
[EventCountry "ITA"]
[SourceTitle "EXT 2010"]
[Source "ChessBase"]
[SourceDate "2010.11.25"]
[SourceVersion "1"]
[SourceVersionDate "2010.11.25"]
[SourceQuality "1"]

1. d4 Nf6 2. c4 g6 3. Nc3 d5 4. cxd5 Nxd5 5. e4 Nxc3 6. bxc3 Bg7 7. Bc4 c5 8. Ne2 0-0 9. Be3 Nc6 10. Rb1 Na5 11. Bb3 cxd4 12. cxd4 b6 13. Qd2 Ba6 14. h4 Bxe2 15. Kxe2 Qd7 16. f3 Rad8 17. d5 e6 18. Rhd1 Nxb3 19. Rxb3 exd5 20. Rd3 Qb5 21. Kf2 Bf6 22. Bg5 Qc5+ 23. Kf1 dxe4 24. fxe4 Rxd3 25. Qxd3 Bxg5 26. hxg5 Qxg5 27. Qf3 Rc8 28. g3 Rc1 29. Ke1 Qa5+ 30. Kf1 Rxd1+ 31. Qxd1 Qxa2 0-1

[Event "Porto Sant Elpidio op-B 10th"]
[Site "Porto Sant Elpidio"]
[Date "2007.12.01"]
[Round "4"]
[White "Binci, Luca"]
[Black "Basso, Fabrizio"]
[Result "1/2-1/2"]
[WhiteElo "1650"]
[BlackElo "1706"]
[PlyCount "65"]
[EventDate "2007.11.24"]
[EventType "swiss"]
[EventRounds "6"]
[EventCountry "ITA"]
[SourceTitle "EXT 2010"]
[Source "ChessBase"]
[SourceDate "2010.11.25"]
[SourceVersion "1"]
[SourceVersionDate "2010.11.25"]
[SourceQuality "1"]

1. d4 Nf6 2. c4 g6 3. Nc3 Bg7 4. e4 d6 5. f3 0-0 6. Be3 e5 7. d5 c5 8. Qd2 Nbd7 9. g4 Nb6 10. h4 h5 11. g5 Ne8 12. Bd3 Nd7 13. 0-0-0 a6 14. Rf1 Nc7 15. Kb1 Rb8 16. Nge2 b5 17. cxb5 axb5 18. Nd1 Na6 19. b3 Nb4 20. Nc1 Nxd3 21. Qxd3 Ba6 22. Rf2 Qc8 23. Nb2 Qb7 24. Qc2 Rfc8 25. Ncd3 Ra8 26. Rc1 b4 27. Nc4 Bxc4 28. Qxc4 Rcb8 29. Qc2 Ra6 30. Nb2 Rba8 31. Nc4 Qa7 32. Rd1 Qb8 33. Qd3 1/2-1/2

[Event "Porto Sant Elpidio op U16 9th"]
[Site "Porto Sant Elpidio"]
[Date "2006.11.26"]
[Round "6"]
[White "Gasparini, Diletta"]
[Black "Binci, Luca"]
[Result "1/2-1/2"]
[WhiteElo "1431"]
[BlackElo "1473"]
[PlyCount "160"]
[EventDate "2006.11.18"]
[EventType "swiss"]
[EventRounds "6"]
[EventCountry "ITA"]
[SourceTitle "EXT 2011"]
[Source "ChessBase"]
[SourceDate "2010.11.26"]
[SourceVersion "1"]
[SourceVersionDate "2010.11.26"]
[SourceQuality "1"]

1. e4 d6 2. f4 Nf6 3. Nc3 g6 4. d4 Bg7 5. Nf3 0-0 6. Be2 c6 7. b4 Nbd7 8. e5 dxe5 9. dxe5 Ne8 10. Ne4 Nc7 11. Bc4 e6 12. Bb2 Nb6 13. Bb3 Nbd5 14. Bxd5 cxd5 15. Nc5 b6 16. Nb3 Bb7 17. Qd2 Rc8 18. 0-0-0 Ba6 19. Nbd4 Qd7 20. Kb1 Nb5 21. Nxb5 Bxb5 22. c3 Bc4 23. a3 a5 24. Rde1 Ra8 25. Qd4 Qc6 26. Nd2 Bb5 27. Rc1 Rfd8 28. Qe3 Rab8 29. g3 a4 30. Qd4 Ba6 31. Rhe1 b5 32. Nf3 Qb6 33. Re2 Qxd4 34. Nxd4 Rdc8 35. Nf3 Bb7 36. Ne1 Rc4 37. Ng2 Rbc8 38. h4 h5 39. Ne1 Bf8 40. Nd3 Be7 41. Ne1 Bd8 42. Nd3 Bb6 43. Ne1 d4 44. cxd4 Rxc1+ 45. Bxc1 Bxd4 46. Bb2 Bc3 47. Re3 Bd2 48. Re2 Bxe1 49. Rxe1 Rc4 50. Ka1 Bd5 51. Rc1 Re4 52. Rg1 Kf8 53. Kb1 Re2 54. Kc1 Ke7 55. Bd4 Kd7 56. Bc3 Kc6 57. Re1 Rxe1+ 58. Bxe1 Bc4 59. Kd2 Kd5 60. Ke3 Ba2 61. Kd3 Bb1+ 62. Kd2 Kc4 63. Kc1 Be4 64. Kb2 Kd3 65. Kc1 Ke2 66. Bc3 Kd3 67. Be1 Kc4 68. Kb2 Kd5 69. Kc3 Kc6 70. Kd4 Bc2 71. Bd2 Bb3 72. Be3 Bc4 73. Bf2 Kd7 74. Be3 Ke7 75. Bc1 f6 76. Bd2 fxe5+ 77. Kxe5 Kf7 78. Bc1 Ke7 79. Be3 Kf7 80. Bc1 Ke7 1/2-1/2

[Event "ITA-ch U12"]
[Site "Cortina d'Ampezzo"]
[Date "2005.07.08"]
[Round "8"]
[White "Binci, Luca"]
[Black "Aramino, Andrea"]
[Result "0-1"]
[WhiteElo "1458"]
[BlackElo "1386"]
[PlyCount "82"]
[EventDate "2005.07.03"]
[EventType "swiss"]
[EventRounds "9"]
[EventCountry "ITA"]
[SourceTitle "EXT 2024"]
[Source "ChessBase"]
[SourceDate "2023.10.10"]
[SourceVersion "1"]
[SourceVersionDate "2023.10.10"]
[SourceQuality "1"]

1. c4 e5 2. g3 f5 3. Bg2 Nf6 4. Nf3 d6 5. Nc3 Nc6 6. d3 Be7 7. Bd2 0-0 8. 0-0 Be6 9. Re1 Kh8 10. e4 fxe4 11. Nxe4 Nxe4 12. dxe4 Bxc4 13. b3 Be6 14. Qc1 Bg4 15. Re3 Bxf3 16. Bxf3 Nd4 17. Qd1 Bg5 18. Rc3 Bxd2 19. Rd3 Bg5 20. Bg2 g6 21. h4 Be7 22. Qd2 b5 23. a4 bxa4 24. Rxa4 Bf6 25. Rc3 c5 26. b4 cxb4 27. Rxb4 a5 28. Ra4 Qd7 29. Rac4 a4 30. Qa2 h6 31. f4 exf4 32. e5 Bxe5 33. Bxa8 Rxa8 34. gxf4 Bf6 35. Kf1 Nb3 36. Rxb3 Kh7 37. Ra3 Bxh4 38. Raxa4 Qh3+ 39. Qg2 Qd3+ 40. Kg1 Qe3+ 41. Kf1 Qe1# 0-1